00358cam a22001217a 4500008004000000082001700040100002400057245005300081260002700134300001000161500003300171650003200204180718b1967 xxu||||| |||| 00| 0 eng d aB20x4 M831/1 aMorris, Christopher aWestern political thoughtcby Christopher Morris aLondonbLongmansc1967 a282p. aV.1.Plato to Augustine. 42/- aPolitical Science - History